000 00700nam a22002297a 4500
003 UA-OsUOA
001 42928
007 ta
008 20061130b un ||||| |||| 00| 0 ukr d
100 _aБикав В.
090 _a82.09(476)
_bБ95
942 _cBK
040 _aUA-OsUOA
_brus
_cUA-OsUOA
_dUA-OsUOA
245 _aПраудай адзінай
_bЛітаратурная критика, публіцистика, інтерв'ю
300 _a263 с.
955 _a3
041 _arus
080 _a82.09(476)
260 _aМінск
_bМастацкая літаратура
_c1984
650 7 _a82 Література. Літературознавство
_2UDC
999 _c329060
_d329060